000 00567nam a22001937a 4500
999 _c24660
_d24660
005 20200114155500.0
008 090303t xxu||||| |||| 00| 0 eng d
022 _a0555-4365
037 _bDPL/PUB
245 _aProgressive farming
260 _aLudhiana
_bDirector of Communication for Punjab Agricultural University
_c2009-
300 _av.
_c24 cm
310 _amonthly
500 _aa monthly journal of yoga way of life
650 _aYoga
270 _bLudhiana
_mpau_comm@pau.edu, pau.comm@gmail.com
365 _bRs. 10.00 per copy
942 _2ddc
_cSR
_s1